The impact of migration to the EU on labour shortages in the Western Balkans: Policy implications (Record no. 9118)

MARC details
000 -LEADER
fixed length control field 02425nam a22004097u 4500
001 - CONTROL NUMBER
control field pwiiw7087
003 - CONTROL NUMBER IDENTIFIER
control field OSt
005 - DATE AND TIME OF LATEST TRANSACTION
control field 20260516120037.0
008 - FIXED-LENGTH DATA ELEMENTS--GENERAL INFORMATION
fixed length control field 241204t2024 au ||||| |||| 00| ||eng d
040 ## - CATALOGING SOURCE
Transcribing agency OSt
041 ## - LANGUAGE CODE
Language code of text/sound track or separate title eng
084 ## - OTHER CLASSIFICATION NUMBER
Classification number F22
-- O15
Number source jelc
100 1# - MAIN ENTRY--PERSONAL NAME
Personal name Beckers, Pascal
245 10 - TITLE STATEMENT
Title The impact of migration to the EU on labour shortages in the Western Balkans: Policy implications
260 ## - PUBLICATION, DISTRIBUTION, ETC.
Place of publication, distribution, etc. Wien :
Name of publisher, distributor, etc. Wiener Institut für Internationale Wirtschaftsvergleiche (wiiw),
Date of publication, distribution, etc. 2024.
300 ## - PHYSICAL DESCRIPTION
Extent 23 S.,
Other physical details 4 Figures and 2 Boxes,
Dimensions 30cm.
490 1# - SERIES STATEMENT
Series statement wiiw Policy Notes and Reports
Volume/sequential designation 87
520 ## - SUMMARY, ETC.
Summary, etc. Emigration from the Western Balkans (WB) to the European Union (EU) has long been a significant source of workers for the EU. In light of population ageing and the twin (digital and green) transitions in the EU, and as candidate countries for EU membership, their contribution may be more relevant than ever. At the same time, the outflow of workers from the WB has exacerbated labour and skill shortages across occupations in the region, depleting the talent pool needed for economic development. This challenge – while also an opportunity – requires immediate attention. Based on new research findings, this policy brief highlights incentives that encourage (i) emigration from the WB region and (ii) immigration to EU countries. In particular, it examines the impact of emigration on labour shortages in the WB and proposes timely policy recommendations for WB and EU policy makers. The policy recommendations are in three main categories: (i) industrial policy to address labour shortages and boost technological development, (ii) migration and skills development policies, and (iii) improving data quality for market research and academia.<br/>
650 ## - SUBJECT ADDED ENTRY--TOPICAL TERM
Topical term or geographic name entry element Pull and push factors of migration
650 ## - SUBJECT ADDED ENTRY--TOPICAL TERM
Topical term or geographic name entry element migration aspirations/desires
650 ## - SUBJECT ADDED ENTRY--TOPICAL TERM
Topical term or geographic name entry element destination decision
650 ## - SUBJECT ADDED ENTRY--TOPICAL TERM
Topical term or geographic name entry element choice model
650 ## - SUBJECT ADDED ENTRY--TOPICAL TERM
Topical term or geographic name entry element migration policy
650 ## - SUBJECT ADDED ENTRY--TOPICAL TERM
Topical term or geographic name entry element skills development
650 ## - SUBJECT ADDED ENTRY--TOPICAL TERM
Topical term or geographic name entry element Western Balkans
650 ## - SUBJECT ADDED ENTRY--TOPICAL TERM
Topical term or geographic name entry element EU
651 ## - SUBJECT ADDED ENTRY--GEOGRAPHIC NAME
Geographic name European Union
651 ## - SUBJECT ADDED ENTRY--GEOGRAPHIC NAME
Geographic name Western Balkans
690 ## - LOCAL SUBJECT ADDED ENTRY--TOPICAL TERM (OCLC, RLIN)
Topical term or geographic name as entry element Labour, Migration and Income Distribution
700 1# - ADDED ENTRY--PERSONAL NAME
Personal name de Lange, Tesseltje
700 1# - ADDED ENTRY--PERSONAL NAME
Personal name Ghodsi, Mahdi
700 1# - ADDED ENTRY--PERSONAL NAME
Personal name Ivanović, Ksenija
700 1# - ADDED ENTRY--PERSONAL NAME
Personal name Leitner, Sandra M.
830 #0 - SERIES ADDED ENTRY--UNIFORM TITLE
Volume/sequential designation 87
Bibliographic record control number WIIW0000092
Title of a work wiiw Policy Notes and Reports
856 40 - ELECTRONIC LOCATION AND ACCESS
Uniform Resource Identifier <a href="https://wiiw.ac.at/p-7087.html">https://wiiw.ac.at/p-7087.html</a>
942 ## - ADDED ENTRY ELEMENTS (KOHA)
Koha item type Paper
Holdings
Withdrawn status Lost status Damaged status Not for loan Home library Current library Shelving location Date acquired Inventory number Total Checkouts Full call number Barcode Date last seen Price effective from Koha item type
        WIIW WIIW Library 12/04/2024 pwiiw7087   87 1000010007087 12/04/2024 04/07/2025 Paper
The Vienna Instiute for International Economic Studies (wiiw)